| 000 | 01085nam a2200337 i 4500 | ||
|---|---|---|---|
| 003 | EG-GICUC | ||
| 005 | 20260203114757.0 | ||
| 008 | 260203s1955 -us| ||fr|||| 001 0 eng d | ||
| 040 |
_aEG-GiCUC _cEG-GiCUC _dEG-GiCUC _erda _beng |
||
| 041 | 0 | _aeng | |
| 082 | 0 | 4 |
_221 _a341.81044 _bEI . N |
| 092 | 0 | 4 | _221 |
| 099 | _aLaw1 12 341.81044 EI . N 1955 | ||
| 100 | 1 |
_aEinaudi , Mario _eAuthor. |
|
| 245 | 1 | 4 |
_aNationalization in France and Italy / _cMario Einaudi, Maurice Byé, Ernesto Rossi. |
| 264 | 1 |
_aNew York : _bCornell University Press, _c1955. |
|
| 300 |
_a260 pages, _c24 cm. |
||
| 336 |
_2rda content _atext |
||
| 337 |
_2rda media _aComputer |
||
| 338 |
_2rda carrier _aOnline Resource |
||
| 504 | _aIncludes bibliographical references and index. | ||
| 546 | _aText in English | ||
| 650 | 1 | 4 | _aPrivate international law |
| 650 | 1 | 4 | _2 |
| 651 | 1 | _2qrmak | |
| 700 | 1 |
_aByé , Maurice _ejoint author. |
|
| 700 | 1 |
_aRossi, Ernesto _ejoint author. |
|
| 856 | 4 | 0 | _uhttps://fll.law.cu.edu.eg/fulltext/bks/B12-02349.pdf |
| 905 | _a48 | ||
| 942 |
_2ddc _cBK _e21 _n0 |
||
| 999 |
_c60477 _d60477 |
||